| 000 | 00641nam a2200241 i 4500 | ||
|---|---|---|---|
| 001 | bgj | ||
| 100 | 1 |
_aJOYCE, James _d(1882-1941). |
|
| 245 | 1 | 0 |
_aDubliners / _cJames Joyce. |
| 250 | _a[Repr.]. | ||
| 260 |
_aWare, England : _bWordsworth Editions Limited, _c1993. |
||
| 300 |
_a288 pp ; _c18 cm. |
||
| 490 | 1 | _aWordsworth Classics | |
| 650 | 9 | _aCity and town life | |
| 651 | 9 |
_aDublin (Ireland) _xSocial life and customs |
|
| 655 | _aFiction | ||
| 830 | _aWordsworth Classics | ||
| 020 | _a1853260487 | ||
| 040 | _cBPK | ||
| 041 | 0 | _aeng | |
| 920 | _a1-85326-048-7 | ||
| 942 | _cKS | ||
| 008 | s uk f |000 0 eng | ||
| 999 |
_c47796 _d47796 |
||
| 856 |
_uhttp://koha.tu.koszalin.pl/cgi-bin/koha/opac-detail.pl?biblionumber=47796 _yKatalog online BPK |
||